| 000 | 00955nas a2200301 4500 | ||
|---|---|---|---|
| 001 | BR0200714 | ||
| 003 | BR-BrBNA | ||
| 005 | 20231205102726.0 | ||
| 007 | ta | ||
| 008 | 230509b bl.|||p| |||| 00| 00por d | ||
| 040 |
_aBR-BrBNA _bpor _cBiblioteca Nacional de Agricultura |
||
| 041 | _a(Pt) | ||
| 072 | _aP34 | ||
| 100 | 1 | _aCarneiro, M.A.C. | |
| 100 | 1 | _aSiqueira, J.O. | |
| 100 | 1 | _aMoreira, F.M. de S. | |
| 245 | 1 | _aEstabelecimento de plantas herbáceas em solo com contaminação de metais pesados e inoculação de fungos micorrízicos arbusculares | |
| 650 | _aGRAMÍNEA | ||
| 650 | _aMICORRIZA | ||
| 650 | _aMOSTARDA | ||
| 650 | _aCONTAMINAÇÃO | ||
| 650 | _aMETAL PESADO | ||
| 650 | _aINOCULAÇÃO | ||
| 650 | _aDETERIORAÇÃO DO SOLO | ||
| 773 | 0 |
_tPesquisa Agropecuária Brasileira (Brazil) _xISSN 0100-204X _g(Dec 2001), v. 36(12) p. 1443-1452 _wBR0200714 |
|
| 909 |
_a202311 _bLúcia _c55 _dLúcia Elande |
||
| 942 |
_2AGRIS _n0 _cANA |
||
| 999 |
_c169006 _d169006 |
||